000 00621cam a2200229 4500
008 090401t1994 xxu||||| |||| 00| 0 eng d
020 _a0851256406
035 _a(Sirsi) u38375
041 _aeng
050 _a690
110 _aBuilding Research Establishment
245 _aSmoke control in buildings.
260 _aGarston, Watford
_bBuilding Research Establishment
_c1994
300 _a8p. : ill. ; 30cm.
350 _a0
490 _aBRE Digest
_v396
650 _aFIRE
650 _aSMOKE CONTROL
690 _aBUILT ENVIRONMENT-BUILDING STANDARDS-FIRE REGULATIONS
942 _n0
948 _c04/03/1997
999 _c90640
_d90640